Villes de la Petite Couronne frontalières de la Grande - Mort subite - Statistiques

Statistiques générales
  • Ce quiz a été pris 94 fois
  • Le résultat moyen est 3 sur 14
Answers on the Grid
Answers color-coded by a green-red scale on the quiz's grid according to % correct below.
Tremblay-en-France
Saint-Cloud
Valenton
Villeneuve-la-Garenne
Suresnes
Drancy
Sèvres
Santeny
Aubervilliers
Villetaneuse
Gagny
Orly
La Courneuve
Colombes
Villepinte
Sucy-en-Brie
Nanterre
Marolles-en-Brie
Le Bourget
Chaville
Saint-Ouen
Antony
Chevilly-Larue
Le Plessis-Trévise
Garches
Villiers-sur-Marne
Choisy-le-Roi
Rungis
Fontenay-aux-Roses
Dugny
 
Statistiques - réponses
Réponse % Correct
Tremblay-en-France
78%
Antony
25%
Colombes
23%
Nanterre
23%
Valenton
23%
Villepinte
23%
Villetaneuse
23%
Orly
20%
Chaville
18%
Gagny
15%
Santeny
13%
Dugny
10%
Rungis
10%
Le Plessis-Trévise
8%
Aucun quiz correspondant
Distribution des résultats
% des personnes avec chaque résultat
Percentile par nombre de réponses
Votre historique - résultats
Vous n’avez pas pris ce quiz